|
|
|
|
| LEADER |
00000cam a2200000 7i4500 |
| 001 |
0000003319 |
| 005 |
20050823.0 |
| 020 |
0 |
0 |
|a 9837200227
|
| 090 |
0 |
0 |
|a 158.1
|b PHI
|
| 100 |
1 |
0 |
|a Phillips, Stephen C.
|
| 245 |
1 |
0 |
|a The ten laws of success
|c Stephen C. Phillips
|
| 260 |
0 |
0 |
|a Kuala Lumpur :
|b Golden Books Centre ,
|c 1992
|
| 300 |
|
|
|a xii, 134p. :
|b ill. ;
|c 23cm.
|
| 650 |
0 |
0 |
|a Achievement motivation
|
| 650 |
0 |
0 |
|a Motivation
|
| 650 |
0 |
0 |
|a Self-actualization (Psychology)
|
| 650 |
0 |
0 |
|a Success
|x Psychological aspects
|
| 999 |
|
|
|a 0000006331
|b Monograph
|c Open Shelf
|e Default branch
|